000
00274nam a2200109 a 4500
005
20140513081050.0
008
020605s19uu xx 00 eng d
050
_a
P 372.7
_b
ORD
245
_a
Order through 5 and order through 12.
650
_a
Orders--Poster
999
_c
116300
_d
116300